[Event "ch-ISR 2016"]
[Site "Tiberias ISR"]
[Date "2016.12.06"]
[Round "2.7"]
[White "Chernomordik, Pavel"]
[Black "Boruchovsky, Avital"]
[Result "0-1"]
[WhiteTitle "FM"]
[BlackTitle "GM"]
[WhiteElo "2254"]
[BlackElo "2530"]
[WhiteFideId "2804530"]
[BlackFideId "2800055"]
[EventDate "2016.12.05"]

1. e4 c5 2. Nc3 d6 3. f4 g6 4. Nf3 Bg7 5. Bb5+ Nc6 6. O-O Bd7 7. d3 Nf6 8. e5
dxe5 9. Nxe5 O-O 10. Nxd7 Qxd7 11. a3 Rac8 12. Kh1 a6 13. Bc4 Nd4 14. Be3 b5 15.
Ba2 Nf5 16. Bf2 h5 17. Qe2 h4 18. Ne4 Nh5 19. Qf3 Bxb2 20. Nxc5 Rxc5 21. Bxc5
Bxa1 22. Rxa1 Rc8 23. d4 Nxd4 24. Qd3 Nxf4 25. Qxd4 Qg4 26. Bd5 Qf5 27. Bb7 Rxc5
28. Rf1 Rxc2 29. g4 Ne6 30. Qd1 Qc5 31. Be4 Rf2 0-1

[Event "ch-ISR 2016"]
[Site "Tiberias ISR"]
[Date "2016.12.06"]
[Round "2.8"]
[White "Parkhov, Yair"]
[Black "Soffer, Ram"]
[Result "0-1"]
[BlackTitle "GM"]
[WhiteElo "2207"]
[BlackElo "2488"]
[WhiteFideId "2813408"]
[BlackFideId "2800101"]
[EventDate "2016.12.05"]

1. c4 Nf6 2. Nc3 e5 3. Nf3 Nc6 4. e4 Bb4 5. d3 d6 6. a3 Bc5 7. b4 Bd4 8. Nxd4
Nxd4 9. Ne2 Ne6 10. g3 a5 11. Rb1 axb4 12. axb4 b5 13. Bg2 Ba6 14. cxb5 Bxb5 15.
Bb2 c5 16. Bc3 Ra2 17. Qb3 Qa8 18. bxc5 Bxd3 19. Qb8+ Qxb8 20. Rxb8+ Kd7 21.
Rxh8 Rxe2+ 22. Kd1 Rxf2 23. Rg1 Nxc5 24. Bh3+ Ke7 25. Bd2 Rxh2 26. Bf1 Nfxe4 27.
Bb4 Rb2 28. Ba3 Rb1+ 29. Bc1 Nb3 30. Rc8 Nec5 0-1

[Event "ch-ISR 2016"]
[Site "Tiberias ISR"]
[Date "2016.12.06"]
[Round "2.9"]
[White "Drori, Saar"]
[Black "Gruenfeld, Yehuda"]
[Result "1-0"]
[WhiteTitle "FM"]
[BlackTitle "GM"]
[WhiteElo "2318"]
[BlackElo "2436"]
[WhiteFideId "2812444"]
[BlackFideId "2800020"]
[EventDate "2016.12.05"]

1. e4 c5 2. Nf3 d6 3. d4 cxd4 4. Nxd4 Nf6 5. Nc3 a6 6. Bg5 Nc6 7. Qd2 e6 8.
O-O-O Bd7 9. f4 Be7 10. Nb3 Qc7 11. Kb1 O-O-O 12. Bxf6 gxf6 13. Be2 h5 14. Bf3
Kb8 15. Rhe1 Bc8 16. Qf2 b5 17. a3 Bb7 18. Qe2 Na5 19. Nxa5 Qxa5 20. Rd3 h4 21.
Red1 Qb6 22. Bg4 Qc5 23. Qd2 Rc8 24. Bf3 Rc7 25. Ne2 Rhc8 26. Rc3 Qb6 27. Rxc7
Rxc7 28. f5 e5 29. Nc3 Qc5 30. Qe2 Bf8 31. Nd5 Bxd5 32. Rxd5 Qc4 33. Qf2 Kb7 34.
Rd3 Qc5 35. Qd2 Qg1+ 36. Ka2 Qc5 37. Rc3 Qd4 38. Qxd4 exd4 39. e5+ Kb6 40. Rxc7
Kxc7 41. exf6 Bh6 42. g3 Bg5 43. Bd5 Bxf6 44. Bxf7 Kc6 45. Kb1 hxg3 46. hxg3 Bg5
47. Ka2 Bf6 48. a4 Kc5 49. Kb3 a5 50. axb5 Kxb5 51. Bc4+ Kc5 52. Bd3 d5 53. Ka4
Kb6 54. g4 Bd8 55. Be2 Kc6 56. g5 Bxg5 57. Kxa5 Bd8+ 58. Ka6 Be7 59. b3 Bb4 60.
f6 Bd6 61. Bb5+ Kc5 62. b4+ Kxb4 63. Kb6 Kc3 64. Bd3 Kd2 65. Kc6 Ba3 66. Kd7 1-0

[Event "ch-ISR 2016"]
[Site "Tiberias ISR"]
[Date "2016.12.06"]
[Round "2.10"]
[White "Golod, Vitali"]
[Black "Taichman, Ori"]
[Result "1-0"]
[WhiteTitle "GM"]
[WhiteElo "2549"]
[BlackElo "2291"]
[WhiteFideId "2804140"]
[BlackFideId "2804069"]
[EventDate "2016.12.05"]

1. d4 Nf6 2. c4 g6 3. Nc3 Bg7 4. e4 d6 5. Be2 O-O 6. Nf3 e5 7. d5 a5 8. O-O Na6
9. Bg5 h6 10. Be3 Ng4 11. Bd2 f5 12. exf5 gxf5 13. g3 e4 14. Nh4 Ne5 15. Ng2 Nc5
16. Nf4 Qe7 17. Qc2 Bd7 18. Rad1 Be8 19. Be3 Bf7 20. Nb5 Qd7 21. b3 Bf6 22. a3
h5 23. Nd4 h4 24. b4 axb4 25. axb4 Na6 26. Nfe6 Bxe6 27. Nxe6 Rfe8 28. Qd2 Qh7
29. Bg5 Kf7 30. gxh4 Rg8 31. Kh1 Qh8 32. Rg1 Ng6 33. h5 Ne7 34. h6 Be5 35. Bh5+
Ng6 36. Bd8 Raxd8 37. Nxd8+ Ke7 38. Qg5+ Qf6 39. Ne6 Nxb4 40. Qxf6+ Kxf6 41. h7
Rh8 42. Rxg6+ Ke7 43. Ng7 Nd3 44. Nxf5+ Kd7 45. Rg8 1-0

[Event "ch-ISR 2016"]
[Site "Tiberias ISR"]
[Date "2016.12.06"]
[Round "2.11"]
[White "Mindlin, Alon"]
[Black "Lovin, Boris"]
[Result "0-1"]
[WhiteTitle "IM"]
[WhiteElo "2428"]
[BlackElo "2254"]
[WhiteFideId "2800071"]
[BlackFideId "2808064"]
[EventDate "2016.12.05"]

1. d4 d5 2. c4 dxc4 3. e3 e5 4. Bxc4 exd4 5. exd4 Nf6 6. Nf3 Be7 7. O-O O-O 8.
Ne5 Nc6 9. Nxc6 bxc6 10. Nc3 Nd5 11. Nxd5 cxd5 12. Bd3 Bd6 13. g3 g6 14. Qf3 Be6
15. Bh6 Re8 16. Bb5 Bd7 17. Bxd7 Qxd7 18. Qxd5 Rab8 19. b3 Rb5 20. Qg2 Ba3 21.
Rae1 Rd8 22. h4 Qxd4 23. Qc6 Rbb8 24. Rd1 Qxd1 25. Rxd1 Rxd1+ 26. Kg2 Bf8 27.
Qxc7 Ra8 28. Qb7 Rdd8 29. Be3 a5 30. Bf4 h5 31. Qb5 Bd6 32. Bc1 Bf8 33. Be3 Rdb8
34. Qe2 a4 35. Bd4 Bg7 36. Bxg7 Kxg7 37. Qe5+ Kg8 38. bxa4 Rb4 39. a5 Ra4 40. a6
R4xa6 41. g4 hxg4 42. Qg5 Rxa2 43. Qxg4 R2a4 44. Qg3 R8a5 45. Qb8+ Kh7 46. Qc7
Rf5 47. h5 gxh5 48. Qc3 Raf4 49. Qa1 Rxf2+ 50. Kh3 f6 51. Qb1 Kh6 52. Qc1+ R5f4
53. Kg3 Rf1 54. Qc8 R1f3+ 55. Kg2 Kg5 56. Qc1 Rf1 57. Qe3 Rf2+ 58. Kg1 Rf3 59.
Qe7 Kh4 60. Qe1+ Kh3 61. Qe6+ Rg4+ 0-1

[Event "ch-ISR 2016"]
[Site "Tiberias ISR"]
[Date "2016.12.06"]
[Round "2.12"]
[White "Gamayev, Oleg"]
[Black "Bakalchuk, Johnatan"]
[Result "0-1"]
[BlackTitle "FM"]
[WhiteElo "2238"]
[BlackElo "2389"]
[WhiteFideId "2802813"]
[BlackFideId "2810301"]
[EventDate "2016.12.05"]

1. c4 Nf6 2. Nc3 g6 3. g3 Bg7 4. Bg2 O-O 5. e4 c5 6. Nge2 Nc6 7. d3 d6 8. O-O
Ne8 9. Be3 Nc7 10. Qd2 Nd4 11. Bh6 e5 12. Bxg7 Kxg7 13. Nxd4 cxd4 14. Ne2 a5 15.
f4 f6 16. Rf2 b5 17. cxb5 Nxb5 18. h4 a4 19. a3 Qa5 20. Qc2 Be6 21. Raf1 Rfc8
22. Qb1 Rab8 23. Qa1 Nc7 24. f5 gxf5 25. Bh3 Qb5 26. Qd1 Qb3 27. Qxb3 Rxb3 28.
Nc1 Rb5 29. Rc2 Na6 30. Rff2 Rbc5 31. Rxc5 Rxc5 32. Ne2 Rc2 33. Bf1 Bd7 34. exf5
Nc5 35. g4 Nxd3 36. Rf3 Nxb2 37. Ng3 d5 38. g5 e4 39. Rf4 Kf7 40. gxf6 d3 41.
Rg4 d2 42. Be2 Kxf6 43. Rg5 Be8 44. Rg8 Bf7 45. Rd8 d1=Q+ 46. Bxd1 Nxd1 47. Rd6+
Ke5 48. Rd7 Ne3 0-1

[Event "ch-ISR 2016"]
[Site "Tiberias ISR"]
[Date "2016.12.06"]
[Round "2.13"]
[White "Birnboim, Nathan"]
[Black "Kraus, Yair"]
[Result "1-0"]
[WhiteTitle "IM"]
[WhiteElo "2365"]
[BlackElo "2218"]
[WhiteFideId "2800209"]
[BlackFideId "2804786"]
[EventDate "2016.12.05"]

1. d4 Nf6 2. c4 g6 3. Nc3 Bg7 4. g3 O-O 5. Bg2 d6 6. Nf3 Nc6 7. O-O e5 8. d5 Nb8
9. e4 a5 10. h3 Na6 11. Bg5 h6 12. Be3 Nd7 13. Rb1 Ndc5 14. Nh4 Qe8 15. Qd2 Kh7
16. Nb5 Qe7 17. Qxa5 f5 18. Bxc5 dxc5 19. exf5 Bxf5 20. Nxf5 gxf5 21. Qd2 e4 22.
Rfe1 c6 23. Nc3 Qd6 24. Rbd1 Rad8 25. g4 Bd4 26. gxf5 Rxf5 27. Nxe4 Qg6 28. Kh1
cxd5 29. cxd5 Kh8 30. d6 Nb4 31. Rg1 Rh5 32. Qe2 Qf5 33. Qf3 Nxa2 34. Qxf5 Rxf5
35. Rd2 Nb4 36. Ra1 Nc6 37. Rc1 Na7 38. b4 b6 39. bxc5 bxc5 40. Rb1 Nc6 41. Rb5
Rb8 42. Rxb8+ Nxb8 43. Ra2 Nd7 44. Ra7 Rf7 45. Rc7 Kg7 46. Bf1 Nb6 47. Rc6 c4
48. Bxc4 Nxc4 49. Rxc4 Bxf2 50. Kg2 Bb6 51. Kg3 Ba5 52. Kg4 Kg6 53. Rc5 Bd8 54.
Rd5 Rg7 55. Kf4 Rf7+ 56. Kg4 Rg7 57. Rf5 Bb6 58. h4 Be3 59. h5+ Kh7+ 60. Kf3 Bd4
61. Nf6+ Kh8 62. Ke4 Bb6 63. Kd5 Bd8 64. Ke6 Rg5 65. Rxg5 hxg5 66. Kf7 g4 67.
Nxg4 Kh7 68. d7 Ba5 69. Ke8 1-0

[Event "ch-ISR 2016"]
[Site "Tiberias ISR"]
[Date "2016.12.06"]
[Round "2.14"]
[White "Kraus, Ohad"]
[Black "Frenkel, Ran"]
[Result "1/2-1/2"]
[WhiteElo "2340"]
[BlackElo "2201"]
[WhiteFideId "2811812"]
[BlackFideId "2815974"]
[EventDate "2016.12.05"]

1. d4 Nf6 2. c4 g6 3. Nc3 d5 4. cxd5 Nxd5 5. e4 Nxc3 6. bxc3 Bg7 7. Be3 c5 8.
Qd2 cxd4 9. cxd4 Nc6 10. Nf3 Bg4 11. Rd1 Bxf3 12. gxf3 O-O 13. Be2 Rc8 14. O-O
e5 15. dxe5 Bxe5 16. f4 Bb8 17. e5 Qh4 18. Qd5 Rfd8 19. Qb5 g5 20. Rxd8+ Rxd8
21. Qxb7 gxf4 22. Qxc6 fxe3 23. f4 Kh8 24. Kh1 a5 25. Qb6 Qe7 26. Qxe3 Qb7+ 27.
Bf3 Qb2 28. Be4 Qd4 29. Qf3 Ba7 30. Kg2 Rg8+ 31. Kh3 Qb6 32. Qh5 Qe3+ 33. Qf3
Qb6 34. Qh5 Qe3+ 35. Qf3 Qb6 1/2-1/2

[Event "ch-ISR 2016"]
[Site "Tiberias ISR"]
[Date "2016.12.06"]
[Round "2.15"]
[White "Gershkowich, David"]
[Black "Aharon, Ofir"]
[Result "1-0"]
[WhiteTitle "FM"]
[BlackTitle "FM"]
[WhiteElo "2191"]
[BlackElo "2339"]
[WhiteFideId "2803356"]
[BlackFideId "2800683"]
[EventDate "2016.12.05"]

1. e4 c5 2. Nf3 d6 3. d4 cxd4 4. Nxd4 Nf6 5. Nc3 a6 6. Be3 e5 7. Nb3 Be6 8. f3
Be7 9. Qd2 O-O 10. O-O-O a5 11. Bb5 Na6 12. g4 Nc7 13. a4 d5 14. g5 d4 15. gxf6
Bxf6 16. Nxd4 exd4 17. Bxd4 Rc8 18. Be2 Na6 19. Bxa6 bxa6 20. Rhg1 g6 21. f4 Rc4
22. Bxf6 Qxf6 23. f5 Bc8 24. Qd3 Rb4 25. Qd6 Qxd6 26. Rxd6 Kg7 27. f6+ Kh6 28.
Rd5 Rb6 29. e5 Re8 30. Ne4 Rb4 31. Nd6 Rxa4 32. Nxf7+ Kh5 33. Nd6 Be6 34. Nxe8
Bxd5 35. Rd1 Ra1+ 36. Kd2 Rxd1+ 37. Kxd1 g5 38. e6 Bxe6 39. Ng7+ Kg6 40. Nxe6
Kxf6 41. Nc5 Ke5 42. Ke2 g4 43. Ke3 h5 44. Nd3+ Kf5 45. b3 h4 1-0

[Event "ch-ISR 2016"]
[Site "Tiberias ISR"]
[Date "2016.12.07"]
[Round "3.1"]
[White "Nabaty, Tamir"]
[Black "Dvoirys, Semen I."]
[Result "1-0"]
[WhiteTitle "GM"]
[BlackTitle "GM"]
[WhiteElo "2649"]
[BlackElo "2534"]
[WhiteFideId "2809052"]
[BlackFideId "4100379"]
[EventDate "2016.12.05"]

1. d4 Nf6 2. Bf4 g6 3. Nc3 d6 4. e4 Nc6 5. Qd2 Bg7 6. O-O-O h6 7. h3 a6 8. Nf3
Nd7 9. e5 dxe5 10. dxe5 e6 11. g4 Qe7 12. Bg2 Rb8 13. Rhe1 b5 14. g5 hxg5 15.
Bxg5 Qb4 16. Kb1 O-O 17. Bh6 Nb6 18. a3 Qe7 19. Qf4 f5 20. Nh4 g5 21. Bxg5 Qc5
22. Bxc6 Qxc6 23. Rg1 Kh7 24. Ng6 1-0

[Event "ch-ISR 2016"]
[Site "Tiberias ISR"]
[Date "2016.12.07"]
[Round "3.2"]
[White "Soffer, Ram"]
[Black "Postny, Evgeny"]
[Result "1/2-1/2"]
[WhiteTitle "GM"]
[BlackTitle "GM"]
[WhiteElo "2488"]
[BlackElo "2620"]
[WhiteFideId "2800101"]
[BlackFideId "2804344"]
[EventDate "2016.12.05"]

1. e4 e5 2. Nf3 Nc6 3. Bc4 Nf6 4. Ng5 d5 5. exd5 Na5 6. Bb5+ c6 7. dxc6 bxc6 8.
Bd3 Nd5 9. h4 Be7 10. Nc3 h6 11. Nf3 O-O 12. g3 f5 13. Nxe5 Bd6 14. Nc4 f4 15.
Nxd6 Qxd6 16. Qf3 fxg3 17. Qxg3 Qe7+ 18. Kd1 h5 19. Be2 Nf4 20. Bf3 Nh3 21. Re1
Qf7 22. Re3 Bg4 23. Ke1 Bxf3 24. Qxh3 Nc4 25. d3 Nxe3 26. Bxe3 Rab8 27. b3 Rb4
28. Kd2 Rg4 29. Re1 Re8 30. Ne2 Qf6 31. Nd4 Bg2 32. Qh2 c5 33. Ne2 Bf3 34. Ng1
Bc6 35. Bg5 Qd4 36. Rxe8+ Bxe8 37. Ne2 Qb4+ 38. c3 Qa5 39. Qb8 Qb5 40. Qxb5 Bxb5
41. Ng3 Be8 42. Ne4 Bc6 43. Ng3 g6 44. Ke3 Kf7 45. Bd8 1/2-1/2

[Event "ch-ISR 2016"]
[Site "Tiberias ISR"]
[Date "2016.12.07"]
[Round "3.3"]
[White "Roiz, Michael"]
[Black "Reshef, Omer"]
[Result "1/2-1/2"]
[WhiteTitle "GM"]
[BlackTitle "IM"]
[WhiteElo "2608"]
[BlackElo "2435"]
[WhiteFideId "2804158"]
[BlackFideId "2804336"]
[EventDate "2016.12.05"]

1. Nf3 d5 2. e3 Nf6 3. c4 c6 4. Nc3 g6 5. d4 Bg7 6. Be2 O-O 7. O-O Bg4 8. cxd5
cxd5 9. Qb3 b6 10. Bd2 Ne4 11. Rfd1 Nxd2 12. Rxd2 e6 13. Qa4 Bxf3 14. Bxf3 Qd7
15. Rc1 Qxa4 16. Nxa4 Nd7 17. Rc7 Rfd8 18. Rdc2 Nf6 19. Be2 Ne8 20. R7c6 Bf8 21.
Ba6 Bd6 22. Nc3 Nc7 23. Bd3 Kf8 24. Nb1 Ne8 25. Nd2 Rd7 26. f4 Rc7 27. Rxc7 Nxc7
28. Nf3 f6 29. g4 Ke7 30. h4 b5 31. Kf1 a6 32. g5 f5 33. h5 Ne8 34. hxg6 hxg6
35. Nh4 Kf7 36. Rc6 Ra7 37. Ke2 Ra8 38. b3 Ra7 39. Nf3 Ke7 40. Nh4 Kf7 41. Rc8
Bc7 42. Nf3 1/2-1/2

[Event "ch-ISR 2016"]
[Site "Tiberias ISR"]
[Date "2016.12.07"]
[Round "3.4"]
[White "Baron, Tal"]
[Black "Drori, Saar"]
[Result "1/2-1/2"]
[WhiteTitle "GM"]
[BlackTitle "FM"]
[WhiteElo "2536"]
[BlackElo "2318"]
[WhiteFideId "2809958"]
[BlackFideId "2812444"]
[EventDate "2016.12.05"]

1. d4 Nf6 2. Bf4 g6 3. Nc3 d5 4. Qd2 Bg7 5. Bh6 O-O 6. O-O-O Ne4 7. Nxe4 dxe4 8.
Bxg7 Kxg7 9. e3 Nd7 10. g4 Nb6 11. h3 f5 12. gxf5 Bxf5 13. Ne2 e5 14. Ng3 exd4
15. Bg2 dxe3 16. Qxe3 Qh4 17. Nxe4 Bxe4 18. Bxe4 Qxf2 19. Qc3+ Qf6 20. Qxf6+
Rxf6 21. Bxb7 Re8 22. b3 Re7 23. Rhe1 Ref7 24. Rd3 c6 25. Ba6 Nd5 26. Bc4 Nf4
27. Rd8 Rc7 28. Re4 g5 29. Re3 Kh6 30. a4 Kh5 31. a5 Kh4 32. Rd4 h5 33. Rf3 Re7
34. Bf1 Rf5 35. a6 Rd5 36. Rc4 c5 37. Kb2 1/2-1/2

[Event "ch-ISR 2016"]
[Site "Tiberias ISR"]
[Date "2016.12.07"]
[Round "3.5"]
[White "Boruchovsky, Avital"]
[Black "Givon, Asaf"]
[Result "1/2-1/2"]
[WhiteTitle "GM"]
[BlackTitle "IM"]
[WhiteElo "2530"]
[BlackElo "2471"]
[WhiteFideId "2800055"]
[BlackFideId "2801841"]
[EventDate "2016.12.05"]

1. Nf3 c5 2. c4 Nf6 3. Nc3 e6 4. e4 Nc6 5. Be2 b6 6. d4 cxd4 7. Nxd4 Bb7 8. Ndb5
Qb8 9. Be3 a6 10. Nd4 Bc5 11. Nxc6 Bxc6 12. Qd3 O-O 13. O-O Rd8 14. Rad1 d5 15.
exd5 exd5 16. cxd5 Nxd5 17. Bxc5 bxc5 18. Bf3 Nxc3 19. Qxc3 Bxf3 20. Rxd8+ Qxd8
21. Qxf3 Rb8 22. Rd1 Qa5 23. a3 h6 24. g3 c4 25. Rd4 Rxb2 26. Rxc4 Rb8 27. Kg2
Rd8 28. Rc6 Qb5 29. h4 a5 30. Rc7 Qd5 31. Qxd5 Rxd5 32. Ra7 g5 33. hxg5 1/2-1/2

[Event "ch-ISR 2016"]
[Site "Tiberias ISR"]
[Date "2016.12.07"]
[Round "3.6"]
[White "Steinberg, Nitzan"]
[Black "Mikhalevski, Victor"]
[Result "1/2-1/2"]
[WhiteTitle "IM"]
[BlackTitle "GM"]
[WhiteElo "2476"]
[BlackElo "2503"]
[WhiteFideId "2801795"]
[BlackFideId "2801914"]
[EventDate "2016.12.05"]

1. e4 e5 2. Nf3 Nc6 3. Bb5 a6 4. Ba4 Nf6 5. O-O Be7 6. Re1 b5 7. Bb3 O-O 8. h3
Bb7 9. d3 d5 10. exd5 Nxd5 11. Nbd2 f6 12. c4 bxc4 13. Nxc4 Bb4 14. Bd2 Kh8 15.
d4 Bxd2 16. Qxd2 Nf4 17. dxe5 Qxd2 18. Nfxd2 Nxe5 19. Nxe5 fxe5 20. f3 Rad8 21.
Ne4 Bxe4 22. Rxe4 Rd2 23. Kh1 Nxg2 24. Rd1 Rxb2 25. Rd7 Nf4 26. Rxe5 Rb1+ 27.
Kh2 Rb2+ 28. Kh1 Rb1+ 29. Kh2 Rb2+ 30. Kh1 Rb1+ 1/2-1/2

[Event "ch-ISR 2016"]
[Site "Tiberias ISR"]
[Date "2016.12.07"]
[Round "3.7"]
[White "Shachar, Ehud"]
[Black "Kobo, Ori"]
[Result "1/2-1/2"]
[WhiteTitle "FM"]
[BlackTitle "IM"]
[WhiteElo "2356"]
[BlackElo "2480"]
[WhiteFideId "2802198"]
[BlackFideId "2812320"]
[EventDate "2016.12.05"]

1. e4 c5 2. Nf3 d6 3. d4 cxd4 4. Nxd4 Nf6 5. Nc3 a6 6. f4 Qc7 7. Nf3 Nbd7 8. Bd3
b5 9. a3 Bb7 10. O-O e5 11. Kh1 Be7 12. Qe1 O-O 13. fxe5 Nxe5 14. Nxe5 dxe5 15.
Qg3 Kh8 16. Be3 Nh5 17. Qg4 Nf4 18. Bxf4 exf4 19. Rxf4 Bd6 20. Rf3 g6 21. Qh4
Be5 22. Raf1 f5 23. g4 f4 24. Nd5 Qg7 25. b3 g5 26. Qf2 Rad8 27. c4 Bc8 28. h3
bxc4 29. Bxc4 h5 30. gxh5 Qh7 31. Qg2 Qxh5 32. Ne3 Rf6 33. Ng4 Bxg4 34. Qxg4
Qxg4 35. hxg4 1/2-1/2

[Event "ch-ISR 2016"]
[Site "Tiberias ISR"]
[Date "2016.12.07"]
[Round "3.8"]
[White "Lovin, Boris"]
[Black "Golod, Vitali"]
[Result "1/2-1/2"]
[BlackTitle "GM"]
[WhiteElo "2254"]
[BlackElo "2549"]
[WhiteFideId "2808064"]
[BlackFideId "2804140"]
[EventDate "2016.12.05"]

1. d4 Nf6 2. c4 g6 3. Nf3 Bg7 4. Nc3 d5 5. cxd5 Nxd5 6. Bd2 Nb6 7. Bf4 c5 8.
dxc5 Bxc3+ 9. bxc3 Qxd1+ 10. Rxd1 Na4 11. e3 Nxc5 12. Rd5 b6 13. Bb5+ Bd7 14. c4
O-O 15. Bxb8 Bxb5 16. cxb5 Rfxb8 17. O-O a6 18. bxa6 Rxa6 19. Rb1 Ne4 20. Rd7
Kf8 21. Ne5 Rc8 22. Rb7 Rxa2 23. R7xb6 Nxf2 24. Rb8 Rxb8 25. Rxb8+ Kg7 26. Rb7
Ne4 27. h3 Nd6 28. Rxe7 Kf6 29. Nc6 Rc2 30. Rc7 Kg5 31. e4 Kf4 32. Nb4 Rxc7 33.
Nd5+ Kxe4 34. Nxc7 h5 35. Na6 h4 36. Nc5+ Kd4 37. Nd7 Ne4 38. Nb6 Kc5 39. Na4+
Kd5 40. Nb2 Kd4 41. Na4 Nc3 42. Nb6 Nd5 43. Na4 Nc3 44. Nb6 Ne4 45. Na4 f5 46.
Nb6 g5 47. Nd7 Nc5 48. Nb6 Nd3 49. Nc8 Ke5 50. Nb6 Ke4 51. Nc4 Ne5 52. Nd6+ Kf4
53. Kh2 Nd3 54. Nc4 Nc5 55. Nd6 Ne4 56. Nc4 Ng3 57. Nb6 Ke3 58. Kg1 Ke2 59. Nc4
Ne4 60. Ne5 Ke3 61. Nc4+ Kd4 62. Nb6 Nc3 63. Kf2 Ke4 64. Kg1 g4 65. hxg4 fxg4
66. Nc4 g3 67. Nd6+ Kf4 68. Nc4 Nb5 69. Nb6 Nd4 70. Nc4 Ke4 71. Kf1 Nf5 72. Nd2+
Kd3 73. Nf3 Ke3 74. Ne5 Ke4 75. Ng6 Ke3 76. Ne5 Kd2 77. Ng6 Kd1 78. Nf4 Ne3+ 79.
Kg1 Ke1 80. Nd3+ Kd2 81. Nf4 Kc3 82. Ng6 Nf5 83. Kf1 Kd3 84. Nf4+ Ke4 85. Ng6
Ke3 86. Kg1 Kd4 87. Kf1 Kd5 88. Ke2 Ke4 1/2-1/2

[Event "ch-ISR 2016"]
[Site "Tiberias ISR"]
[Date "2016.12.07"]
[Round "3.9"]
[White "Zanan, Evgeny"]
[Black "Birnboim, Nathan"]
[Result "1/2-1/2"]
[WhiteTitle "FM"]
[BlackTitle "IM"]
[WhiteElo "2434"]
[BlackElo "2365"]
[WhiteFideId "24101940"]
[BlackFideId "2800209"]
[EventDate "2016.12.05"]

1. d4 e6 2. c4 Bb4+ 3. Nc3 c5 4. dxc5 Nf6 5. Qc2 Nc6 6. Nf3 Bxc5 7. Bg5 Qa5 8.
e3 Bb4 9. Bd3 Be7 10. O-O Nb4 11. Qe2 h6 12. Bh4 Nxd3 13. Qxd3 O-O 14. Ne4 g5
15. Bg3 Nxe4 16. Qxe4 d6 17. Qd3 Rd8 18. a3 Qa6 19. h4 e5 20. hxg5 hxg5 21. Nd2
d5 22. Bxe5 dxc4 23. Qe2 Qh6 24. Nxc4 Be6 25. Rfd1 f6 26. Bg3 Kf7 27. f3 g4 28.
f4 Rac8 29. b3 Qh7 30. f5 Bxf5 31. Rxd8 Rxd8 32. Rd1 Rxd1+ 33. Qxd1 Be6 34. Nd6+
Bxd6 35. Qxd6 Qb1+ 36. Kh2 Qh7+ 37. Kg1 Qb1+ 38. Kh2 Qxb3 39. e4 Qb5 40. e5 Qd7
41. exf6 Qxd6 42. Bxd6 Kxf6 43. Kg3 b5 44. Kf4 Bd7 45. Ke3 Ke6 46. Bb8 a5 47.
Kd4 a4 48. Ke4 1/2-1/2

[Event "ch-ISR 2016"]
[Site "Tiberias ISR"]
[Date "2016.12.07"]
[Round "3.10"]
[White "Bakalchuk, Johnatan"]
[Black "Gershkowich, David"]
[Result "1/2-1/2"]
[WhiteTitle "FM"]
[BlackTitle "FM"]
[WhiteElo "2389"]
[BlackElo "2191"]
[WhiteFideId "2810301"]
[BlackFideId "2803356"]
[EventDate "2016.12.05"]

1. g3 Nf6 2. Bg2 e6 3. Nf3 d5 4. O-O Be7 5. d3 b6 6. Nbd2 Bb7 7. e4 c5 8. e5
Nfd7 9. Re1 Nc6 10. Nf1 Qc7 11. Bf4 O-O-O 12. c3 h6 13. h4 Rdg8 14. Qd2 Qd8 15.
h5 g5 16. hxg6 fxg6 17. d4 g5 18. Be3 g4 19. N3h2 cxd4 20. Bxd4 h5 21. b4 Qf8
22. a4 h4 23. a5 bxa5 24. bxa5 hxg3 25. fxg3 Ba6 26. Qd1 Rh5 27. Nxg4 Bxf1 28.
Rxf1 Qg7 29. Rf4 Rf5 30. Rxf5 exf5 31. e6 Qxg4 32. exd7+ Kxd7 33. Qb3 Nxd4 34.
Qxd5+ Bd6 35. cxd4 Qxg3 36. Qxf5+ Kd8 37. Qf6+ Kd7 38. Qf7+ Kd8 39. Qf6+ 1/2-1/2

[Event "ch-ISR 2016"]
[Site "Tiberias ISR"]
[Date "2016.12.07"]
[Round "3.11"]
[White "Gruenfeld, Yehuda"]
[Black "Kraus, Ohad"]
[Result "1/2-1/2"]
[WhiteTitle "GM"]
[WhiteElo "2436"]
[BlackElo "2340"]
[WhiteFideId "2800020"]
[BlackFideId "2811812"]
[EventDate "2016.12.05"]

1. e4 c5 2. Nf3 d6 3. d4 cxd4 4. Nxd4 Nf6 5. Nc3 a6 6. Bg5 Nbd7 7. Qe2 h6 8. Bh4
g6 9. O-O-O e5 10. Nb3 Be7 11. f3 b5 12. a3 Kf8 13. Kb1 Kg7 14. Bf2 Qc7 15. h4
Nb6 16. g4 Be6 17. Bxb6 Qxb6 18. Nd5 Nxd5 19. exd5 Bd7 20. f4 exf4 21. Qxe7 Bxg4
22. Qe1 Bxd1 23. Qxd1 Qf2 24. Bd3 Rae8 25. Nd2 Re5 26. Ne4 Qd4 27. Nc3 Rhe8 28.
Rf1 Re3 29. Ka2 Qf6 30. Qg4 g5 31. hxg5 hxg5 32. Rh1 Kf8 33. Rh5 Rg3 34. Qd7
Rge3 35. Qg4 Rg3 36. Qd7 Rge3 1/2-1/2

[Event "ch-ISR 2016"]
[Site "Tiberias ISR"]
[Date "2016.12.07"]
[Round "3.12"]
[White "Frenkel, Ran"]
[Black "Chernomordik, Pavel"]
[Result "0-1"]
[BlackTitle "FM"]
[WhiteElo "2201"]
[BlackElo "2254"]
[WhiteFideId "2815974"]
[BlackFideId "2804530"]
[EventDate "2016.12.05"]

1. d4 g6 2. c4 Bg7 3. Nc3 d6 4. e4 Nf6 5. h3 O-O 6. Be3 a6 7. Nf3 c6 8. Be2 b5
9. e5 Nfd7 10. exd6 exd6 11. O-O bxc4 12. Bxc4 Nb6 13. Bb3 a5 14. Bg5 Bf6 15.
Bxf6 Qxf6 16. Re1 Kg7 17. Ne4 Qd8 18. a3 a4 19. Ba2 Ra5 20. Qd2 Rb5 21. d5 Nxd5
22. Nd4 Rb6 23. Nxc6 Nxc6 24. Bxd5 Ne7 25. Qd4+ f6 26. Nxf6 Nf5 27. Ne8+ Kh6 28.
Qd2+ Qg5 29. Qxg5+ Kxg5 30. Re2 Ba6 31. Re4 Rxb2 32. Nc7 Bc8 33. Rxa4 Ne7 34.
Bf3 Bxh3 35. Re1 Bd7 36. Ra5+ Kf6 37. Nd5+ Nxd5 38. Rxd5 Rb6 39. Red1 Ke7 40.
Re1+ Kf6 41. Red1 Ke7 42. Ra5 Rc8 43. Ra7 Kd8 44. a4 Rb4 45. a5 Rc7 46. Ra6 Ra4
47. Rdxd6 Ra1+ 48. Kh2 Ke7 49. Rd5 Bc8 50. Re5+ Kf7 51. Ra8 h5 52. g3 Rc2 53.
Re2 Rxe2 54. Bxe2 Bb7 55. Bc4+ Ke7 56. Bd5 Bxd5 57. Ra7+ Kf6 58. g4 h4 0-1

[Event "ch-ISR 2016"]
[Site "Tiberias ISR"]
[Date "2016.12.07"]
[Round "3.13"]
[White "Aharon, Ofir"]
[Black "Parkhov, Yair"]
[Result "1-0"]
[WhiteTitle "FM"]
[WhiteElo "2339"]
[BlackElo "2207"]
[WhiteFideId "2800683"]
[BlackFideId "2813408"]
[EventDate "2016.12.05"]

1. e4 e6 2. d4 d5 3. Nd2 c5 4. Ngf3 cxd4 5. Nxd4 Nc6 6. Bb5 Bd7 7. Nxc6 bxc6 8.
Bd3 Qc7 9. Qe2 Ne7 10. Nf3 Ng6 11. g3 Bd6 12. O-O O-O 13. c4 Rae8 14. Qc2 dxe4
15. Bxe4 c5 16. Ng5 f5 17. Bg2 h6 18. Nh3 e5 19. f4 e4 20. Be3 Ne7 21. Qf2 Be6
22. b3 Rc8 23. Rfd1 a5 24. Kh1 Rb8 25. Rab1 Bf7 26. Ng1 Bh5 27. Rd2 Rfd8 28.
Rbb2 Nc8 29. Bxc5 Bxc5 30. Rxd8+ Qxd8 31. Qxc5 Ne7 32. Bxe4 Rc8 33. Qe5 fxe4 34.
Qxh5 Qd4 35. Re2 Nc6 36. Qg6 Qd7 37. Qxe4 Rd8 38. Nf3 Nb4 39. a3 Nd3 40. Kg2 Kh8
41. Rd2 h5 42. f5 Qd6 43. Kf1 Qd7 44. Ne5 Qe8 45. Rxd3 1-0